[Event "Lima-ch U14"]
[Site "Lima"]
[Date "2017.01.21"]
[Round "4.1"]
[White "Gomez Sulca, Frank Royer"]
[Black "Rojas, Steven"]
[Result "0-1"]
[WhiteElo "1640"]
[BlackElo "1857"]
[PlyCount "128"]
[EventDate "2017.01.19"]
[EventType "swiss"]
[EventRounds "7"]
[EventCountry "PER"]
[SourceTitle "EXT 2024"]
[Source "ChessBase"]
[SourceDate "2023.10.10"]
[SourceVersion "1"]
[SourceVersionDate "2023.10.10"]
[SourceQuality "1"]

1. d4 Nf6 2. Nf3 g6 3. Bf4 Bg7 4. e3 0-0 5. Be2 d6 6. h3 Nc6 7. 0-0 Nd7 8. c4 e5 9. Bh2 exd4 10. exd4 Qf6 11. Nc3 Nxd4 12. Nxd4 Qxd4 13. Nd5 c6 14. Ne7+ Kh8 15. Qxd4 Bxd4 16. Bxd6 Re8 17. Bf3 Be5 18. Nxc8 Raxc8 19. Rfd1 Bxd6 20. Rxd6 Ne5 21. Be2 f5 22. Kf1 Re7 23. Rad1 Nf7 24. Rd7 Rc7 25. R7d4 Kg7 26. f4 Kf8 27. c5 Kg7 28. Kf2 Nh6 29. Bc4 b5 30. Be2 Ng8 31. Bf3 Nf6 32. Re1 Rxe1 33. Kxe1 Nd7 34. b4 a5 35. a3 axb4 36. axb4 Nb8 37. Kd2 Kf7 38. Rd6 Ke7 39. Ke3 Rc8 40. Kd4 Rc7 41. g4 fxg4 42. Bxg4 Ra7 43. f5 h5 44. f6+ Kf7 45. Ke5 hxg4 46. hxg4 Nd7+ 47. Kf4 Nxf6 48. Rxc6 Re7 49. Kg5 Re5+ 50. Kf4 g5+ 51. Kg3 Re4 52. Kf3 Rf4+ 53. Ke3 Nxg4+ 54. Ke2 Rxb4 55. Rb6 Ne5 56. Rd6 Re4+ 57. Kf2 Rc4 58. Rd5 Rxc5 59. Rd4 Ke6 60. Ke3 Kf5 61. Rb4 Nc6 62. Rb1 Rc3+ 63. Kf2 b4 64. Ke2 g4 0-1

[Event "Lima-ch U14"]
[Site "Lima"]
[Date "2017.01.20"]
[Round "2.5"]
[White "Gomez Sulca, Frank Royer"]
[Black "Mendoza Alvarez, Diego"]
[Result "1-0"]
[WhiteElo "1640"]
[BlackElo "1471"]
[PlyCount "79"]
[EventDate "2017.01.19"]
[EventType "swiss"]
[EventRounds "7"]
[EventCountry "PER"]
[SourceTitle "EXT 2024"]
[Source "ChessBase"]
[SourceDate "2023.10.10"]
[SourceVersion "1"]
[SourceVersionDate "2023.10.10"]
[SourceQuality "1"]

1. d4 Nf6 2. Nf3 d6 3. Bf4 Bf5 4. e3 g6 5. Be2 Bg7 6. 0-0 c5 7. h3 cxd4 8. exd4 Nc6 9. c4 0-0 10. Nc3 Rc8 11. Rc1 Nd7 12. d5 Na5 13. g4 Bxg4 14. hxg4 Nxc4 15. Qb3 Ndb6 16. Bxc4 Rxc4 17. Ne2 Re4 18. Rc2 Qd7 19. Nh2 Kh8 20. Qf3 Ra4 21. b3 Ra5 22. Rd1 Rc8 23. Rcd2 Rac5 24. Be3 Rc2 25. Qxf7 Rf8 26. Qe6 Qc7 27. Qe4 Rxd2 28. Rxd2 Rf7 29. Bd4 Nd7 30. Bxg7+ Rxg7 31. Rc2 Qa5 32. Rc8+ Rg8 33. Rxg8+ Kxg8 34. Qe6+ Kh8 35. Qxe7 Qxa2 36. Qe8+ Kg7 37. Qxd7+ Kh6 38. Nf3 Qxe2 39. g5+ Kh5 40. Qh3# 1-0

[Event "PER-ch U14"]
[Site "Lima"]
[Date "2016.02.06"]
[Round "7.4"]
[White "Ccerhuayo Escobedo, Mels Leopold"]
[Black "Gomez Sulca, Frank Royer"]
[Result "1/2-1/2"]
[WhiteElo "1661"]
[BlackElo "1571"]
[PlyCount "34"]
[EventDate "2016.02.02"]
[EventType "swiss"]
[EventRounds "9"]
[EventCountry "PER"]
[SourceTitle "EXT 2024"]
[Source "ChessBase"]
[SourceDate "2023.10.10"]
[SourceVersion "1"]
[SourceVersionDate "2023.10.10"]
[SourceQuality "1"]

1. e4 c5 2. Nf3 Nc6 3. d4 cxd4 4. Nxd4 g6 5. c4 Bg7 6. Nc2 Nf6 7. Nc3 d6 8. Be2 Be6 9. 0-0 0-0 10. Be3 Rc8 11. f3 Nd7 12. Qd2 Nde5 13. b3 Qa5 14. Nd5 Bxd5 15. exd5 Qxd2 16. Bxd2 Nd8 17. Rac1 a6 1/2-1/2